000 00324nam a2200109 4500
999 _c10924
_d10924
008 180927b ||||| |||| 00| 0 eng d
245 _aComelec chief to ex-janitor: seek higher post.
260 _aPhilippines
_bThe Philippine Star
_cc2017
300 _apage 15.
650 0 _931747
_aLicensure-Examinations.
942 _2ddc
_cPER